The anthropology of globalization : a reader

Saved in:
Bibliographic Details
Other Authors: Inda, Jonathan Xavier (Editor), Rosaldo, Renato (Editor)
Format: Book
Language:English
Published: Malden,MA : Blackwell Publishers, c2002
Series:Blackwell readers in anthropology ; ; 1
Subjects:
Tags: Add Tag
No Tags, Be the first to tag this record!

MARC

LEADER 00000nam a2200000 i 4500
001 1/31184
008 030129s2002 eng d
020 |a 0-631-22232-4 
035 |l 10069113 
040 |a GR-MY-UA  |b gre  |e aacr 
041 0 |a eng 
082 0 |a 306  |2 (21) 
245 1 4 |a The anthropology of globalization :  |b a reader /  |c edited by Jonathan Xavier and Renato Rosaldo 
260 |a Malden,MA :   |b Blackwell Publishers,   |c c2002 
300 |a 498 σ.;  |c 26 εκ. 
490 1 |a Blackwell readers in anthropology  |v ; 1 
504 |a Περιέχει ευρετήριο 
650 0 0 |a Anthropology. 
650 0 0 |a Globalization. 
700 1 |a Inda, Jonathan Xavier.  |4 edt 
700 1 |a Rosaldo, Renato.  |4 edt 
830 0 |a Blackwell readers in anthropology ;  |v ; 1 
852 |a INST  |b LESVOS  |e 20030129  |h 306 ANT  |p 005100024562  |q 005100024562  |t BK  |y 0 
901 |a BIBL1-2003-2 
909 |a Λ  |b 103121 
922 |a 1ΕΛΗ  |b 200212  |c ΕΠΕΑΕΚ2/ΤΚΑ  |d ΠΑΠΑΣΩΤΗΡΙΟΥ & ΕΛΕΥΘΕΡΟΥΔΑΚΗΣ 
950 |a 117-2002-09-19 
970 |a ΚΑΡΑ  |b ΓΙΑΣΕΜΗ  |z 2003/06/26